Villes du monde selon l'emplacement A-Z - Statistiques

Statistiques générales
  • Ce quiz a été pris 363 fois
  • Le résultat moyen est 15 sur 26
Réponses sur la Carte
Les réponses sont colorées sur une échelle allant du rouge au vert en fonction du pourcentage des utilisateurs qui les ont devinées à leur premier essai. Vous pouvez retrouver ces pourcentages ci-dessous.
 
Statistiques - réponses
lettre ville % Correct
M Madrid
94%
N New York
92%
R Rabat
82%
U Ulaanbaatar
79%
E Édimbourg
77%
K Kiev
76%
Q Quito
75%
W Wellington
75%
S Seattle
69%
Z Zurich
69%
O Ottawa
67%
B Bagdad
65%
V Vilnius
62%
I Islamabad
60%
J Johannesbourg
54%
C Cork
51%
A Abidjan
50%
P Paramaribo
48%
Y Yerevan
43%
H Hô-Chi-Minh-Ville
42%
G Göteborg
35%
T Thimphou
34%
D Darwin
28%
L Louxor
27%
F Fortaleza
20%
X Xiamen
11%
Aucun quiz correspondant
Distribution des résultats
% des personnes avec chaque résultat
Percentile par nombre de réponses
Votre historique - résultats
Vous n’avez pas pris ce quiz